UNDER COVER ECONOMIST (Record no. 28764)
[ view plain ]
| 000 -LEADER | |
|---|---|
| fixed length control field | 00299nam a2200121Ia 4500 |
| 008 - FIXED-LENGTH DATA ELEMENTS--GENERAL INFORMATION | |
| fixed length control field | 240624s9999 xx 000 0 und d |
| 041 ## - LANGUAGE CODE | |
| Language code of text/sound track or separate title | eng |
| 082 ## - DEWEY DECIMAL CLASSIFICATION NUMBER | |
| Classification number | 330 HAR |
| 100 ## - MAIN ENTRY--PERSONAL NAME | |
| Personal name | HARFORD TIM |
| 245 ## - TITLE STATEMENT | |
| Title | UNDER COVER ECONOMIST |
| 260 ## - PUBLICATION, DISTRIBUTION, ETC. | |
| Date of publication, distribution, etc. | 2006 |
| Place of publication, distribution, etc. | New Delhi |
| Name of publisher, distributor, etc. | Abacus |
| 300 ## - PHYSICAL DESCRIPTION | |
| Extent | x, : 278 : p. : cm. ; 19 |
| Withdrawn status | Lost status | Damaged status | Not for loan | Home library | Current library | Shelving location | Date acquired | Full call number | Barcode | Date last seen | Price effective from | Koha item type |
|---|---|---|---|---|---|---|---|---|---|---|---|---|
| IMTN | IMTN | Rack 4-B | 05/18/2017 | 330 HAR | 28764 | 06/24/2024 | 06/24/2024 | Books |